| 000 | 00367nam a2200145Ia 4500 | ||
|---|---|---|---|
| 008 | 240624s9999 xx 000 0 und d | ||
| 041 | _aeng | ||
| 082 | _a515 APO | ||
| 100 | _aAPOSTOL TOM M | ||
| 245 | _aCALCULUS MULTIVARIABLE CALCULUS AND LINE | ||
| 250 | _a(2nd ed.) | ||
| 260 |
_c2003 _aNew York _bJohn Wiley |
||
| 300 | _axxi, , 673 , 26 : P. : cm. | ||
| 365 | _c | ||
| 999 |
_c3514 _d3514 |
||